| 000 | 01144nam a22002655a 4500 | ||
|---|---|---|---|
| 003 | OSt | ||
| 005 | 20170309143957.0 | ||
| 008 | 170307s2013 ua frb 000 0 ara d | ||
| 015 | _a2006 / 15143 | ||
| 020 | _a9770498513 | ||
| 040 |
_aEG-ScBUE _bara _cEG-ScBUE |
||
| 043 | _an-us--- | ||
| 082 | 0 | 4 |
_a347.73072 _bر و ب _222 |
| 100 | 1 | _aروبي، محمد. | |
| 245 | 1 | 0 |
_aمبادئ المرافعات عبر الوطنية : _bالتي أعدها المعهد الدولي لتوحيد القانون الخاص بالاشتراك مع معهد القانون الأمريكي عام 2004 م / _cمحمد الروبي. |
| 260 |
_aالقاهرة : _bدار النهضة العربية، _c2013. |
||
| 300 |
_a286 ص. ؛ _c24 سم. |
||
| 504 | _aيشتمل على إرجاعات ببليوجرافية. | ||
| 610 | 2 | 7 |
_aالمعهد الدولي لتوحيد القانون الخاص. _2BUEsh |
| 610 | 2 | 7 |
_aمعهد القانون الأمريكي. _2BUEsh |
| 650 | 7 |
_aقانون المرافعات _zالولايات المتحدة الأمريكية. _2BUEsh _920382 |
|
| 651 | _2BUEsh | ||
| 653 |
_bLLAAWW _cMarch2017 |
||
| 942 | _2ddc | ||
| 999 |
_c24360 _d24332 |
||